| 000 | 00000nam##2200000za#4500 |
| 001 | 9.599708 |
| 003 | CaOODSP |
| 005 | 20240501092931 |
| 007 | cr ||||||||||| |
| 008 | 150406|2005||||xxc|||||o f|0| 0 fre|d |
| 040 | |aCaOODSP|bfre |
| 043 | |an-cn--- |
| 086 | 1 |aPS83-3/163F-PDF |
| 110 | 2 |aService correctionnel Canada. |
| 245 | 10|aÉvaluation du programme de réadaptation psychosociale en milieu de vie structuré à l'intention des délinquantes / |h[ressource électronique]|c[par] Antonia Sly et Kelly Taylor. |
| 260 | |bService correctionnel Canada |cFévrier 2005. |
| 300 | |a52p.|bfigures (certaines en couleur), références, tableaux |
| 490 | 1 |aRapport de recherche|vR-163 |
| 590 | |a10-11-Supp|b2010-11-10 |
| 720 | 1 |aTaylor, Kelly |
| 720 | 1 |aSly, Antonia |
| 775 | 08|tEvaluation of psychosocial rehabilitation within the women's structured living environments / |w(CaOODSP)9.568428 |
| 830 | #0|aRapport de recherche (Service correctionnel Canada. Direction de la recherche)|vR-163|w(CaOODSP)9.502465 |
| 856 | 40|ahttp://publications.gc.ca|qPDF|s283 Ko|uhttps://publications.gc.ca/collections/collection_2010/scc-csc/PS83-3-163-fra.pdf|yR-163 |